LEADER 01078nam a2200253 4500 001 000000363892 003 CaOOAMICUS 005 20250812101832.0 008 250812s2024 xxua 000 u eng r 020 $a979-88-89830-88-7 040 $aSeMil$bita 100 1 $aGlancy, Jennifer A.,$d<1960- >.$0(OLS)http://semarc/name/84097 245 10$aSlavery in early christianity /$cJennifer A. Glancy ; foreword by Daníel José Camacho. 250 $aExpanded edition 264 1$aMinneapolis :$bFortress Press,$c2024. 300 $axviii, 318 p. ;$c23 cm 650 4$aCristianesimo primitivo - Schiavitù.$0(OLS)http://semarc/subject/58424 700 1 $aCamacho, Daníel José.$0(OLS)http://semarc/name/122582 850 $aSeMil 852 $aSeMil$W1$xVenegono$y1$m3A V 94$j260591$B254752$CSeMilBibl$Z2$F254752 $81 996 $6020$a979-88-89830-88-7$9(OLS)http://semarc/number/303875 996 $6245$aSlavery in early christianity$9(OLS)http://semarc/title/455226 996 $6264$aMinneapolis :$bFortress Press$9(OLS)http://semarc/publisher/38030 LEADER 01018nam a2200229 i 4500 001 000000188377 003 CaOOAMICUS 005 20190306164758.0 008 100412s1948 it u000 u ita u 013 $a166555 040 $aSeMil$bita 245 10$aGesù Cristo :$bla sua vita, la sua dottrina, l'opera sua.$n2. 250 $a2. ed. riveduta e corretta. 260 $aFirenze :$bLibreria editrice fiorentina,$c1948. 300 $a580 p. ;$c24 cm. 700 1 $aPrat, Ferdinand .$0(OLS)http://semarc/name/3556 773 0 $aPrat, Ferdinand $tGesù Cristo.$b4. ed. riveduta e corretta.$dFirenze : Libreria editrice fiorentina, 1964.$g2$w()8969 850 $aSeMil 852 $aSeMil$W1$xVenegono$y1$m2X IV 18$j139032$B139032$CSeMilBibl$Z2$F150615 $81 996 $6245$aGesù Cristo :$bla sua vita, la sua dottrina, l'opera sua.$n2$9(OLS)http://semarc/title/421738 996 $6260$aFirenze :$bLibreria editrice fiorentina$9(OLS)http://semarc/publisher/29690